CUSTOMER RELATIONSHIP MANAGEMENT (Record no. 6885)

MARC details
000 -LEADER
fixed length control field 00384nam a22001577a 4500
003 - CONTROL NUMBER IDENTIFIER
control field OSt
005 - DATE AND TIME OF LATEST TRANSACTION
control field 20210924152827.0
008 - FIXED-LENGTH DATA ELEMENTS--GENERAL INFORMATION
fixed length control field 210924b |||||||| |||| 00| 0 eng d
040 ## - CATALOGING SOURCE
Transcribing agency HU
082 ## - DEWEY DECIMAL CLASSIFICATION NUMBER
Classification number 658.812/LAW
100 ## - MAIN ENTRY--PERSONAL NAME
Personal name Lawrence
Fuller form of name Antony Lawrence
9 (RLIN) 7278
245 ## - TITLE STATEMENT
Title CUSTOMER RELATIONSHIP MANAGEMENT
260 ## - PUBLICATION, DISTRIBUTION, ETC.
Place of publication, distribution, etc. MUMBAI
Name of publisher, distributor, etc. Himalaya
Date of publication, distribution, etc. 2010
300 ## - PHYSICAL DESCRIPTION
Extent 164
942 ## - ADDED ENTRY ELEMENTS (KOHA)
Source of classification or shelving scheme Dewey Decimal Classification
Koha item type Books like text book referance book
Suppress in OPAC No
Holdings
Withdrawn status Lost status Source of classification or shelving scheme Damaged status Not for loan Home library Current library Shelving location Date acquired Total Checkouts Full call number Barcode Date last seen Copy number Price effective from Koha item type
    Dewey Decimal Classification     Natural & Computational Science Library Natural & Computational Science Library General Stacks 09/24/2021   658.812/LAW NSCLIB00013990 09/24/2021 1 09/24/2021 Books like text book referance book